000 02453aam a2200349 i 4500
001 768714001
003 CO-MdFUSB
005 20220623090207.0
007 ta
008 170605t1985 xxu||||g |||| 00| 0 eng d
020 _a0664218318
040 _aCO-MdFUSB
_bspa
_cCO-MdFUSB
_dCO-MdFUSB
_erda
041 _aeng
082 _224
_a223.107
_bH113b
100 1 _aHabel, Norman C.
_eautor
245 1 4 _aThe book of Job
_b: A commentary
_c/ Norman C. Habel
264 1 _aPhiladelphia, Pennsylvania :
_bThe Westminster Press,
_c℗1985
264 4 _c©1985
300 _a586 páginas
_c; 23 cm
336 _2rdacontent
_atexto
_btxt
337 _2rdamedia
_asin mediación
_bn
338 _2rdacarrier
_avolumen
_bnc
490 4 _aThe Old Testament Library
504 _aBibliografía (p. 13-19)
505 _aIntroducción -- Comentario -- La aflicción de Job -- Los gritos de Job contra su origen -- El consejo de Elifaz el amigo -- La exposición de Job de los falsos amigos -- La queja de Job contra Dios el vigilante -- La antigua parábola de Bildad de las dos plantas -- - Job sobre la inutilidad del litigio -- Zofar sobre la sabiduría inescrutable de Dios -- Job sobre el conocimiento y la sabiduría -- La declaración previa al juicio de Job -- La esperanza poco ortodoxa de Job -- Elifaz sobre el conocimiento y la retribución -- Las quejas de Job contra amigos y enemigos -- Bildad sobre el mundo de los impíos, la esperanza de Job de un redentor, Zofar sobre el destino de los impíos, La disputa de Job sobre los malvados -- Las acusaciones de Elifaz a Job -- La búsqueda de Job para enfrentarse a Dios -- Sobre la retribución tardía -- [Bildad] sobre el diseño cósmico de Dios -- El juramento de integridad de Job -- [Zofar] sobre el destino de los malvados - - Poema sobre la búsqueda de la sabiduría -- Discurso recordatorio de Job -- La queja final de Job -- Juramento de pureza de Job -- La persona y apología de Eliú -- El caso de Elihú contra Job -- La defensa de Elihú de la justicia de El -- La defensa de Elihú de El destacamento de El -- La segunda defensa de Elihu de la justicia de El -- La defensa de Yahweh de su diseño cósmico -- Yahweh's control de behemoth y leviathan -- La restauración de Job.
563 _aPasta dura
630 0 7 _aBiblia.
_pJob
_vComentarios
630 0 7 _aBiblia.
_pJob
_xCrítica, interpretación, etc.
942 _cBK
945 _aJTF-925
999 _c46515
_d46515